Las llaves del Estrecho (Record no. 160507)

MARC details
000 -LEADER
campo de control de longitud fija 00841nam a22002055i 4500
001 - NÚMERO DE CONTROL
campo de control 160507
003 - IDENTIFICADOR DE NÚMERO DE CONTROL
campo de control ES-MaACL
005 - FECHA Y HORA DE LA ÚLTIMA TRANSACCIÓN
campo de control 20250905160827.0
008 - DATOS DE LONGITUD FIJA--INFORMACIÓN GENERAL
campo de control de longitud fija 040929s1882 sp a |||| | spa d
040 ## - FUENTE DE CATALOGACIÓN
Centro catalogador/agencia de origen CAM
Lengua de catalogación spa
Centro/agencia transcriptor CAM
100 1# - ENTRADA PRINCIPAL--NOMBRE DE PERSONA
Nombre de persona Navarrete, José.
9 (RLIN) 85037
245 14 - MENCIÓN DEL TÍTULO
Título Las llaves del Estrecho
Resto del título : estudio sobre la reconquista de Gibraltar /
Mención de responsabilidad, etc. por José Navarrete ; precedido de una carta-prólogo del Teniente general José López Domínguez ; edición costeada por el Marqués de Campo.
260 ## - PUBLICACIÓN, DISTRIBUCIÓN, ETC.
Lugar de publicación, distribución, etc. Madrid :
Nombre del editor, distribuidor, etc. [s.n.],
Fecha de publicación, distribución, etc. 1882 (
Fabricante Imprenta de Manuel G. Hernández)
300 ## - DESCRIPCIÓN FÍSICA
Extensión XXXII, 136 p., [3] h. pleg. de mapa ;
Dimensiones 19 cm.
651 #4 - PUNTO DE ACCESO ADICIONAL DE MATERIA--NOMBRE GEOGRÁFICO
Nombre geográfico Gibraltar.
9 (RLIN) 137192
700 1# - ENTRADA AGREGADA--NOMBRE PERSONAL
Nombre de persona López Domínguez, José,
Fechas asociadas al nombre 1829-1911
9 (RLIN) 73611
852 ## - LOCALIZACIÓN
Ubicación ES-MaACL
Número de control de estantería Armario 18
Nota libre Enc. hol.
Signatura antigua Olim: G-10516
942 ## - ELEMENTOS DE ENTRADA SECUNDARIOS (KOHA)
Fuente del sistema de clasificación o colocación Clasificación decimal universal
Holdings
Estatus retirado Estado de pérdida Fuente del sistema de clasificación o colocación Estado de daño No para préstamo Colección Biblioteca de origen Biblioteca actual Ubicación en estantería Fecha de adquisición Total de préstamos Signatura topográfica completa Código de barras Visto por última vez Precio de reemplazo Tipo de ítem Koha
    Clasificación decimal universal     Libros del s. XIX Biblioteca del Ateneo de Madrid Biblioteca del Ateneo de Madrid Depósito 17/01/2008   Armario 18 1168062 23/02/2023 23/02/2023 Libro impreso antiguo